000 00921nam a22002657a 4500
008 160611s2005 fr||||| |||| 00| 0 fre d
020 _a9788244262493
082 0 4 _a778.71
_bB391b
100 1 _aCamus-Buisson, Francoise.
_95215
110 1 _aCentro Pompidou.
_95216
245 1 0 _aBernd et hilla becher /
_ceditado por Francoise Camus-Buisson ; comisario Armin Zweite y Quentin Bajac.
250 _a1a ed.
260 _aParís, Francia :
_bCentre National D´Art et de Culture Georges Pompidou,
_c2005.
300 _a95 p.
_bil. col.
600 1 0 _aBecher, Bernd
_d1937-2007.
_95217
600 1 0 _aBecher, Hilla.
_d1934--
_95218
610 1 0 _aCentre Pompidou.
_95219
653 1 0 _aExhibiciones
653 1 0 _aCatálogo de exhibición
653 1 0 _aArte moderno
653 1 0 _aFotografía
653 1 0 _aArte contemporáneo
700 1 _aZweite, Armin.
_ecomisario.
_95220
700 1 _aBajac, Quentin.
_ecomisario.
_95221
999 _c960
_d960